000 00420nam a2200157Ia 4500
003 GCL
008 140319s9999 xx 000 0 eng d
040 _aGCL /
_cGCL
082 0 4 _aREF
_b030
_bM N
100 1 _aMATTHEUES, PETER
245 1 0 _aTHE NEW GUINNESS BOOK OF RECORDS 1996 /
_cMATTHEUES, PETER
260 _a[S.N] :
_bGUINNESS PUBLISHING ،
_c1996
300 _a311
650 0 4 _aENCYCLOPEDIAS
942 _2ddc
_cBK
999 _c10533
_d10533